Pencukaian Malaysia : pentadbiran, penaksiran dan pematuhan cukai :

Bibliographic Details
Main Author: Jeyapalan K.
Other Authors: Mustafa Mohd. Hanefah
Format: Book
Published: Serdang : Penerbit Universiti Putra Malaysia , 1998
Subjects:

MARC

LEADER 00000cam a2200000 7i4500
001 0000006636
005 20050505.0
020 |a 983931940X 
040 |a INS 
090 0 0 |a HJ2950.6.   |b J43 1998 
100 1 |a Jeyapalan K. 
245 1 0 |a Pencukaian Malaysia :   |b pentadbiran, penaksiran dan pematuhan cukai :   |b termasuk cukai keuntungan harta tanah   |c Jeyapalan Kasipillai 
260 |a Serdang :   |b Penerbit Universiti Putra Malaysia ,   |c 1998 
300 |a 249 ms. ;   |c 25 cm. 
650 0 0 |a Income tax   |z Malaysia 
650 0 0 |a Tax administration and procedure   |z Malaysia 
650 0 0 |a Taxation   |z Malaysia 
700 0 |a Mustafa Mohd. Hanefah 
999 |a 0000007653   |b BOOK   |c Open Shelf   |e Default branch 
999 |a 0000009172   |b BOOK   |c Open Shelf   |e Default branch